000 00655nam a2200193 i 4500
001 74614
003 ES-MaACL
005 20230906172205.0
007 t|
008 040920s1903 sp |||| | spa d
100 1 _aGonzález y Maroto, Fernando.
_959035
245 1 0 _aManual de los tribunales de Marina /
_cFernando González y Maroto y José Tapia y Casanova.
260 _aMadrid :
_b[s.n.,
_c1903] (
_fImp. del Ministerio de Marina)
300 _aX, 536 p. ;
_c23 cm.
650 4 _aMarina de guerra-
_zEspaña.
_9136467
700 1 _aTapia y Casanova, José.
_9109243
710 1 _aEspaña.
_bMinisterio de Marina.
_93909
852 _aES-MaACL
_jB-1005
999 _c74614
_d74614